| 000 | 00702nam a2200229 a 4500 | ||
|---|---|---|---|
| 001 | 69340 | ||
| 003 | BD-RjUL | ||
| 005 | 20211209081856.0 | ||
| 008 | 170411s1927 ctuab 001 0 eng | ||
| 035 | _a(BD-RjUL)69551 | ||
| 040 |
_aDLC _cCarP _dBD-RjUL _beng |
||
| 041 | _aeng | ||
| 082 |
_223 _a930 _bMAG 2008 |
||
| 100 | 1 |
_aPeake, Harold, _d1867-1946. _9205432 |
|
| 245 | 1 | 0 |
_aPeasants & potters / _cHarold Peake; H J Fleure |
| 260 |
_aOxford : _bH. Milford, Oxford university press, _c1927. |
||
| 300 |
_a152 p. : _bill. ; _c21 cm. |
||
| 650 | 0 |
_aCivilization, Ancient. _9151764 |
|
| 650 | 0 |
_aArchaeology. _9205433 |
|
| 700 | 1 |
_aFleure, Herbert John, _d1877- _ejoint author. _9205434 |
|
| 942 |
_2ddc _cBK |
||
| 999 |
_c69340 _d69340 |
||